000 00487nam a2200181Ia 4500
001 20606
005 20260306172818.0
008 260306t2022||||xx |||||||||||||| ||spa||
041 _aESP
082 _a343.41
_bP78
100 _aPortugal Pizarro, Luis Andrés,
_eAUT
245 0 _aLa prohibición del discurso de odio en el Estado democrático constitucional
260 _c2022
300 _a246 páginas :
_c21 cm.
650 _aGEN
654 _aCDE
942 _cLIB
_dJUS
_fJUS
_2ddc
_n
999 _c20606
_d20606